[Event "DEN-ch sf2"]
[Site "Svendborg"]
[Date "2024.03.29"]
[Round "1"]
[White "Derlich, Sarah Sima"]
[Black "Leonhardsen, Vebjorn Maanum"]
[Result "1-0"]
[WhiteElo "1864"]
[BlackElo "1950"]
[PlyCount "129"]
[EventDate "2024.03.29"]
[EventType "swiss"]
[EventRounds "7"]
[EventCountry "DEN"]
[SourceTitle "CB16_2024"]
[SourceDate "2024.04.17"]
[SourceVersion "1"]
[SourceVersionDate "2024.04.17"]
[SourceQuality "1"]

1. e4 c6 2. d4 d5 3. exd5 cxd5 4. Bd3 Nc6 5. c3 Qc7 6. Nf3 Bg4 7. 0-0 e6 8. Re1 Bd6 9. Nbd2 Bxh2+ 10. Kh1 Bd6 11. Qa4 Bxf3 12. Nxf3 Nge7 13. Ne5 Ng6 14. f4 0-0-0 15. Bd2 Bxe5 16. fxe5 h5 17. Rac1 Kb8 18. Bxg6 fxg6 19. Qc2 Ne7 20. Bg5 Rde8 21. Bxe7 Qxe7 22. Qxg6 Rh6 23. Qd3 Rf8 24. Rf1 Rhh8 25. Qg6 h4 26. Qd3 Qg5 27. Rxf8+ Rxf8 28. Rf1 Rxf1+ 29. Qxf1 Qe7 30. Kh2 Kc7 31. Kh3 Qg5 32. Qf7+ Kd8 33. Qf8+ Kd7 34. Qd6+ Ke8 35. Qxe6+ Kf8 36. Qd6+ Ke8 37. Qb8+ Kf7 38. Qxb7+ Kg6 39. Qa6+ Kf7 40. Qf1+ Ke6 41. Qf3 Qd2 42. Qg4+ Kf7 43. Qd7+ Kg6 44. Qxd5 Qxb2 45. Qc6+ Kf7 46. e6+ Kf6 47. a4 g5 48. e7+ Kxe7 49. Qc7+ Kf6 50. Qe5+ Kg6 51. Qe6+ Kh5 52. Qc8 Qc1 53. Qg4+ Kg6 54. Qe4+ Kh6 55. Qf3 Qa3 56. Qc6+ Kh5 57. d5 g4+ 58. Kh2 Qc1 59. Qe8+ Kg5 60. Qe5+ Kg6 61. d6 Qd1 62. c4 Qxa4 63. Qe6+ Kg5 64. d7 Qd1 65. Qd5+ 1-0

[Event "DEN-ch sf2"]
[Site "Svendborg"]
[Date "2024.03.29"]
[Round "2"]
[White "Leonhardsen, Vebjorn Maanum"]
[Black "Kokholm, Daniel"]
[Result "1-0"]
[WhiteElo "1950"]
[BlackElo "1906"]
[PlyCount "145"]
[EventDate "2024.03.29"]
[EventType "swiss"]
[EventRounds "7"]
[EventCountry "DEN"]
[SourceTitle "CB16_2024"]
[SourceDate "2024.04.17"]
[SourceVersion "1"]
[SourceVersionDate "2024.04.17"]
[SourceQuality "1"]

1. c4 e5 2. g3 Nf6 3. Nc3 c6 4. d4 d6 5. Bg2 Be7 6. dxe5 dxe5 7. Qxd8+ Kxd8 8. Nf3 Nbd7 9. 0-0 h6 10. Rd1 Ke8 11. h3 g5 12. b3 Nh5 13. Bb2 f6 14. Ne4 Nb6 15. a4 Bd7 16. Nd6+ Bxd6 17. Rxd6 Nc8 18. Rd2 Ne7 19. Rad1 Be6 20. a5 a6 21. Ne1 Rh7 22. Nd3 Rd8 23. Nc5 Rxd2 24. Rxd2 Bc8 25. Ne4 Kf7 26. Nd6+ Ke6 27. Bf3 Ng7 28. Ne4 Rh8 29. Nc5+ Kf7 30. Ba3 Ne6 31. Nxb7 Nd4 32. Nd6+ Ke6 33. Nxc8 Nxf3+ 34. exf3 Nxc8 35. Kf1 h5 36. Ke2 Re8 37. Bc5 Rh8 38. b4 h4 39. gxh4 gxh4 40. Rd3 f5 41. b5 cxb5 42. cxb5 axb5 43. Rb3 Kd5 44. Rxb5 Kc6 45. Rb8 Kc7 46. Rb1 Rh6 47. Ra1 Rc6 48. Bb4 Kb7 49. Bd2 f4 50. Rb1+ Kc7 51. Rg1 Rh6 52. Rg5 Kd6 53. Bc3 Re6 54. Rh5 Ne7 55. Rxh4 Nc6 56. Rh7 Kd5 57. Kd3 Nb8 58. h4 Na6 59. h5 Nc5+ 60. Kc2 Rc6 61. Be1 Kd4 62. h6 Ne6+ 63. Kb2 Ng5 64. Rd7+ Kc4 65. h7 Rh6 66. a6 Rb6+ 67. Kc1 Nxh7 68. a7 Ra6 69. Rxh7 Kd3 70. Bb4 Ke2 71. Bc5 Kxf3 72. Rb7 e4 73. Rb8 1-0

[Event "DEN-ch G7 Gr1"]
[Site "Svendborg"]
[Date "2023.04.05"]
[Round "2"]
[White "Leonhardsen, Vebjorn Maanum"]
[Black "Jensen, Thore Nyboe"]
[Result "0-1"]
[WhiteElo "1885"]
[BlackElo "2018"]
[PlyCount "108"]
[EventDate "2023.04.05"]
[EventType "swiss"]
[EventRounds "7"]
[EventCountry "DEN"]
[SourceTitle "CBM 213 Extra"]
[Source "ChessBase"]
[SourceDate "2023.05.31"]
[SourceVersion "1"]
[SourceVersionDate "2023.05.31"]
[SourceQuality "1"]

1. Nf3 d5 2. d4 Nf6 3. c4 e6 4. g3 Be7 5. Bg2 0-0 6. 0-0 Nbd7 7. Nbd2 b6 8. b3 Bb7 9. Bb2 c5 10. Rc1 Rc8 11. Re1 dxc4 12. Nxc4 b5 13. Ne3 Qb6 14. dxc5 Bxc5 15. Bd4 Rfd8 16. b4 Bxd4 17. Qxd4 Bxf3 18. Qxb6 Nxb6 19. Bxf3 Nc4 20. Nxc4 Rxc4 21. Rxc4 bxc4 22. Rc1 Rc8 23. Rc3 Nd5 24. Bxd5 exd5 25. e3 f5 26. Kf1 Rb8 27. Ra3 Rb7 28. Ke1 Kf7 29. Kd2 Ke6 30. Kc3 Ke5 31. f3 g5 32. Ra6 g4 33. f4+ Ke4 34. Re6+ Kf3 35. a4 h5 36. Re5 Kg2 37. Rxf5 Rh7 38. Rxd5 Kxh2 39. f5 Kxg3 40. e4 Kf4 41. f6 Kxe4 42. f7 Rxf7 43. Rxh5 g3 44. Rh1 g2 45. Rg1 Kf3 46. Kxc4 Kf2 47. Rb1 Kg3 48. Rg1 Rf1 49. Rxg2+ Kxg2 50. b5 Rf4+ 51. Kb3 Kf3 52. a5 Ke4 53. Kc4 Rf5 54. b6 a6 0-1

[Event "DEN-ch G7 Gr1"]
[Site "Svendborg"]
[Date "2023.04.05"]
[Round "3"]
[White "Madsen, Michael Bohring"]
[Black "Leonhardsen, Vebjorn Maanum"]
[Result "1/2-1/2"]
[WhiteElo "2045"]
[BlackElo "1885"]
[PlyCount "57"]
[EventDate "2023.04.05"]
[EventType "swiss"]
[EventRounds "7"]
[EventCountry "DEN"]
[SourceTitle "CBM 213 Extra"]
[Source "ChessBase"]
[SourceDate "2023.05.31"]
[SourceVersion "1"]
[SourceVersionDate "2023.05.31"]
[SourceQuality "1"]

1. e4 c6 2. d3 d5 3. Nf3 Bg4 4. h3 Bxf3 5. Qxf3 e6 6. g3 Nf6 7. Bg2 Bb4+ 8. c3 Be7 9. 0-0 0-0 10. Qe2 Na6 11. b4 Nc7 12. e5 Nd7 13. Bb2 a5 14. a3 axb4 15. cxb4 c5 16. bxc5 Nxc5 17. Ra2 Na4 18. Ba1 Na6 19. Nd2 Rc8 20. Rb1 Qd7 21. d4 Nc3 22. Bxc3 Rxc3 23. Qb5 Qxb5 24. Rxb5 Rxa3 25. Rxa3 Bxa3 26. Rxb7 Ra8 27. Bf1 Bf8 28. Nb3 Nb4 29. Bb5 1/2-1/2

[Event "Koge Lang Jubilee Weekend Gr-2"]
[Site "Koge"]
[Date "2022.07.08"]
[Round "6"]
[White "Leonhardsen, Vebjorn Maanum"]
[Black "Mortensen, Henrik"]
[Result "1-0"]
[WhiteElo "1881"]
[BlackElo "1884"]
[PlyCount "51"]
[EventDate "2022.07.06"]
[EventType "tourn"]
[EventRounds "9"]
[EventCountry "DEN"]
[SourceTitle "EXT 2024"]
[Source "ChessBase"]
[SourceDate "2023.10.10"]
[SourceVersion "1"]
[SourceVersionDate "2023.10.10"]
[SourceQuality "1"]

1. c4 c5 2. Nf3 Nf6 3. e3 g6 4. Nc3 Bg7 5. Be2 0-0 6. 0-0 b6 7. d4 cxd4 8. exd4 d6 9. b3 Nbd7 10. Bb2 Bb7 11. d5 Ne4 12. Qc1 Nxc3 13. Bxc3 Bxc3 14. Qxc3 Nf6 15. Nd4 Rc8 16. Qe3 a6 17. a4 Re8 18. Bf3 Qd7 19. Qg5 Kg7 20. Rfe1 Rc5 21. Qd2 b5 22. axb5 axb5 23. Nxb5 Bxd5 24. Ra7 Qf5 25. Bxd5 Nxd5 26. Nxd6 1-0

[Event "Koge Lang Sommer Weekend"]
[Site "Koge"]
[Date "2020.07.25"]
[Round "5"]
[White "Leonhardsen, Vebjorn Maanum"]
[Black "Jarlskov, Daniel Tuk Hartso"]
[Result "1-0"]
[WhiteElo "1836"]
[BlackElo "1770"]
[PlyCount "53"]
[EventDate "2020.07.22"]
[EventType "swiss"]
[EventRounds "7"]
[EventCountry "DEN"]
[SourceTitle "EXT 2021"]
[Source "ChessBase"]
[SourceDate "2020.10.23"]
[SourceVersion "1"]
[SourceVersionDate "2020.10.23"]
[SourceQuality "1"]

1. d4 d5 2. c4 c6 3. Nf3 Bf5 4. Nc3 e6 5. e3 Nd7 6. Bd3 Bg6 7. 0-0 Ngf6 8. Qe2 Rc8 9. e4 dxe4 10. Nxe4 Nxe4 11. Bxe4 Nf6 12. Bxg6 hxg6 13. Bg5 Qc7 14. Rfd1 Bd6 15. g3 c5 16. b3 cxd4 17. Bxf6 gxf6 18. Nxd4 a6 19. Rd3 f5 20. Nxe6 fxe6 21. Qxe6+ Be7 22. Qxg6+ Kf8 23. Qxf5+ Kg7 24. Rd7 Rh5 25. Rxc7 Rxf5 26. Rxc8 Bc5 27. Rxc5 1-0

[Event "Skien-ch U20"]
[Site "Skien"]
[Date "2019.11.10"]
[Round "6"]
[White "Leonhardsen, Vebjorn Maanum"]
[Black "Opseth, Oliver"]
[Result "1/2-1/2"]
[WhiteElo "1836"]
[BlackElo "1795"]
[PlyCount "97"]
[EventDate "2019.11.08"]
[EventType "swiss"]
[EventRounds "7"]
[EventCountry "NOR"]
[SourceTitle "CBM 193 Extra"]
[Source "ChessBase"]
[SourceDate "2020.01.31"]
[SourceVersion "1"]
[SourceVersionDate "2020.01.31"]
[SourceQuality "1"]

1. c4 e5 2. Nc3 Nf6 3. Nf3 d6 4. g3 Be7 5. Bg2 0-0 6. 0-0 h6 7. d3 Nc6 8. Bd2 Bg4 9. Rc1 Qd7 10. Re1 Rae8 11. Be3 Nh5 12. d4 e4 13. Nxe4 f5 14. Nc3 f4 15. Bd2 g5 16. Nd5 Bh3 17. Qc2 Bf5 18. Qd1 Bh3 19. Bc3 Bd8 20. Qc2 Bf5 21. Qd1 Be4 22. Ne5 dxe5 23. Bxe4 Qf7 24. dxe5 Nxe5 25. Bxe5 Rxe5 26. Bf3 g4 27. Bxg4 Rg5 28. Bxh5 Qxh5 29. Qd4 Rg4 30. Qd3 Bg5 31. Rcd1 c6 32. Nc3 Qf7 33. Rf1 h5 34. Ne4 Be7 35. Nd6 Bxd6 36. Qxd6 Rg6 37. Qd3 h4 38. Kg2 Qe6 39. b3 Rh6 40. Rh1 Qg4 41. Qf3 Qg5 42. Qd3 Qg4 43. h3 Qe6 44. g4 Rhf6 45. f3 Qe8 46. Rhe1 Re6 47. Rd2 Re3 48. Qd7 Qe5 49. Qd4 1/2-1/2

[Event "Helsingor Xtracon op"]
[Site "Helsingor"]
[Date "2019.07.26"]
[Round "8"]
[White "Gupta, Nikhil"]
[Black "Leonhardsen, Vebjorn Maanum"]
[Result "1-0"]
[WhiteElo "1528"]
[BlackElo "1820"]
[PlyCount "145"]
[EventDate "2019.07.20"]
[EventType "swiss"]
[EventRounds "10"]
[EventCountry "DEN"]
[SourceTitle "CBM 191 Extra"]
[Source "ChessBase"]
[SourceDate "2019.09.30"]
[SourceVersion "1"]
[SourceVersionDate "2019.09.30"]
[SourceQuality "1"]

1. d4 d5 2. c4 c6 3. Nc3 Nf6 4. e3 a6 5. Nf3 b5 6. b3 Bg4 7. Bd2 Nbd7 8. Be2 e6 9. 0-0 Bd6 10. Ne1 Bxe2 11. Qxe2 Be7 12. e4 b4 13. e5 bxc3 14. exf6 Nxf6 15. Bxc3 0-0 16. Nd3 Ne4 17. Bb2 Qb6 18. f3 Nf6 19. Ne5 Ra7 20. c5 Qc7 21. Bc1 Nd7 22. Bf4 Nxe5 23. Bxe5 Qd8 24. Bg3 Bf6 25. Rad1 Qa5 26. Be1 Qb5 27. Qe3 Re8 28. f4 g6 29. f5 Bg7 30. f6 Bf8 31. Bg3 h6 32. Rf3 Kh7 33. Bf4 e5 34. Bxh6 exd4 35. Qxe8 Bxh6 36. Rh3 Qxc5 37. Qe5 d3+ 38. Kh1 Qc2 39. Rhxd3 Qxa2 40. Rh3 Qc2 41. Re1 Qd2 42. Qe3 Qxe3 43. Rexe3 g5 44. Re7 Ra8 45. Rxf7+ Kg6 46. Rc7 g4 47. Rd3 Re8 48. Kg1 d4 49. Rxc6 Be3+ 50. Kf1 Kf5 51. Rxa6 Kf4 52. Ke2 Rc8 53. Re6 Kf5 54. Rexe3 dxe3 55. f7 Rf8 56. Kxe3 Rxf7 57. Rd5+ Kg6 58. b4 Rh7 59. Kf4 Rxh2 60. Rg5+ Kf6 61. Rxg4 Rh1 62. Ke3 Rb1 63. Rc4 Rb3+ 64. Kf4 Ke6 65. Rd4 Rb2 66. g4 Rf2+ 67. Kg5 Ke5 68. Rc4 Rb2 69. Kg6 Kd5 70. Rf4 Ke6 71. g5 Rh2 72. b5 Rb2 73. b6 1-0

[Event "Helsingor Xtracon op"]
[Site "Helsingor"]
[Date "2019.07.22"]
[Round "4"]
[White "Eiding, Amanda Mai Irgens"]
[Black "Leonhardsen, Vebjorn Maanum"]
[Result "0-1"]
[WhiteElo "1633"]
[BlackElo "1820"]
[PlyCount "138"]
[EventDate "2019.07.20"]
[EventType "swiss"]
[EventRounds "10"]
[EventCountry "DEN"]
[SourceTitle "CBM 191 Extra"]
[Source "ChessBase"]
[SourceDate "2019.09.30"]
[SourceVersion "1"]
[SourceVersionDate "2019.09.30"]
[SourceQuality "1"]

1. e4 c6 2. d4 d5 3. Nc3 dxe4 4. Nxe4 Bf5 5. Ng3 Bg6 6. Nf3 Nd7 7. Bd3 Bxd3 8. Qxd3 Ngf6 9. c4 e6 10. 0-0 Be7 11. Bf4 0-0 12. h3 a5 13. b3 Ra6 14. Rad1 Qa8 15. Ne5 Rd8 16. Qc2 a4 17. Rd2 axb3 18. axb3 h6 19. Rfd1 Bb4 20. Re2 Be7 21. Red2 Ra3 22. Rb1 Qa5 23. Rdd1 Ra2 24. Rb2 Rxb2 25. Qxb2 Nxe5 26. Bxe5 Ra8 27. Bxf6 Bxf6 28. Ne4 Be7 29. Qc3 Qxc3 30. Nxc3 Ra3 31. Rb1 Bf6 32. Ne2 Ra2 33. Kf1 Rd2 34. Ke1 Rd3 35. b4 Bxd4 36. Nxd4 Rxd4 37. c5 Kf8 38. Ke2 Ke7 39. Ke3 e5 40. g3 g5 41. b5 Rc4 42. bxc6 bxc6 43. Rb7+ Kf6 44. Rd7 Rxc5 45. Rd6+ Kg7 46. Ke4 Rc2 47. Kxe5 Rxf2 48. Rd3 Rc2 49. Kf5 Rc1 50. Rd7 c5 51. Rc7 c4 52. Kg4 Kg6 53. Rc6+ f6 54. Kf3 c3 55. g4 Kf7 56. Kg2 Ke7 57. Rc4 Kd6 58. Rc8 Kd5 59. Rd8+ Ke4 60. Re8+ Kd3 61. Rd8+ Kc2 62. Re8 Rd1 63. Ra8 Rd3 64. Ra2+ Kd1 65. Ra1+ Kd2 66. Rf1 c2 67. Rf2+ Kc3 68. Rf1 Rd1 69. Rf3+ Kd4 0-1

[Event "Helsingor Xtracon op"]
[Site "Helsingor"]
[Date "2019.07.20"]
[Round "1"]
[White "Leonhardsen, Vebjorn Maanum"]
[Black "Svane, Frederik"]
[Result "0-1"]
[WhiteElo "1820"]
[BlackElo "2334"]
[PlyCount "56"]
[EventDate "2019.07.20"]
[EventType "swiss"]
[EventRounds "10"]
[EventCountry "DEN"]
[SourceTitle "CBM 191 Extra"]
[Source "ChessBase"]
[SourceDate "2019.09.30"]
[SourceVersion "1"]
[SourceVersionDate "2019.09.30"]
[SourceQuality "1"]

1. c4 Nf6 2. g3 e6 3. Bg2 d5 4. d4 Bb4+ 5. Bd2 Bd6 6. Nf3 0-0 7. Qc2 Nbd7 8. 0-0 c6 9. c5 Bc7 10. Nc3 e5 11. dxe5 Nxe5 12. Nxe5 Bxe5 13. e3 Bg4 14. Rac1 Qd7 15. b4 Bh3 16. a3 Rfe8 17. Rfe1 h5 18. Ne2 h4 19. Bc3 Bxc3 20. Nxc3 Re5 21. Qd3 Rae8 22. Bxh3 Qxh3 23. Qf1 Qg4 24. Red1 hxg3 25. hxg3 Rh5 26. Rd4 Qg5 27. Qg2 Rxe3 28. Rf4 Qe5 0-1

[Event "Helsingor Xtracon op"]
[Site "Helsingor"]
[Date "2018.07.29"]
[Round "10"]
[White "Ramkilde, Mikael"]
[Black "Leonhardsen, Vebjorn Maanum"]
[Result "1/2-1/2"]
[WhiteElo "1971"]
[BlackElo "1726"]
[PlyCount "54"]
[EventDate "2018.07.21"]
[EventType "swiss"]
[EventRounds "10"]
[EventCountry "DEN"]
[SourceTitle "CBM 185 Extra"]
[Source "ChessBase"]
[SourceDate "2018.07.29"]
[SourceVersion "1"]
[SourceVersionDate "2018.07.29"]
[SourceQuality "1"]

1. e4 c6 2. d4 d5 3. e5 c5 4. dxc5 e6 5. Nf3 Bxc5 6. Nc3 Ne7 7. Bd3 Ng6 8. 0-0 0-0 9. a3 a6 10. Qe2 Nc6 11. Kh1 Qc7 12. Re1 b5 13. Nd1 Bb7 14. c3 Rfd8 15. Bg5 Be7 16. Bxe7 Qxe7 17. Bxg6 hxg6 18. Nd4 Qc5 19. Qe3 Rac8 20. Re2 Nxd4 21. Qxd4 Rc6 22. Qh4 Rd7 23. Rd2 Qc4 24. Qxc4 bxc4 25. Ne3 Rdc7 26. Nc2 a5 27. Nd4 Rb6 1/2-1/2

[Event "Helsingor Xtracon op"]
[Site "Helsingor"]
[Date "2018.07.28"]
[Round "9"]
[White "Leonhardsen, Vebjorn Maanum"]
[Black "Shehzad, Shazil Khan"]
[Result "0-1"]
[WhiteElo "1726"]
[BlackElo "1896"]
[PlyCount "124"]
[EventDate "2018.07.21"]
[EventType "swiss"]
[EventRounds "10"]
[EventCountry "DEN"]
[SourceTitle "CBM 185 Extra"]
[Source "ChessBase"]
[SourceDate "2018.07.29"]
[SourceVersion "1"]
[SourceVersionDate "2018.07.29"]
[SourceQuality "1"]

1. e4 c5 2. Nf3 e6 3. d4 cxd4 4. Nxd4 a6 5. c4 Nf6 6. Nc3 Qc7 7. a3 b6 8. Bd3 Bb7 9. 0-0 d6 10. Bg5 Nbd7 11. f4 Qc5 12. Nce2 Nxe4 13. b4 Qc7 14. Bh4 g6 15. Qc2 Nef6 16. Rac1 Bg7 17. Nf3 0-0 18. Nc3 Rac8 19. a4 Rfe8 20. Ne4 Nxe4 21. Bxe4 Nf6 22. Bxb7 Qxb7 23. Bxf6 Bxf6 24. Qd3 Red8 25. Rc2 Qc6 26. b5 Qc5+ 27. Kh1 axb5 28. axb5 d5 29. Rfc1 dxc4 30. Qe4 Qxb5 31. h3 c3 32. Ne5 Bxe5 33. fxe5 Rc4 34. Qe3 Qc5 35. Qxc5 Rxc5 36. Rxc3 Rxc3 37. Rxc3 b5 38. Kg1 b4 39. Rb3 Rd4 40. Kf2 Rc4 41. Rb2 Re4 42. Kf3 Rxe5 43. Rxb4 Kg7 44. g4 h5 45. Kf4 Rd5 46. Rb7 Kf6 47. Rb4 g5+ 48. Kg3 Rd3+ 49. Kg2 Rd2+ 50. Kg1 h4 51. Rb3 Ke5 52. Rf3 f5 53. gxf5 exf5 54. Ra3 Ke4 55. Ra7 Rd4 56. Rg7 Kf4 57. Ra7 g4 58. hxg4 fxg4 59. Ra1 g3 60. Rb1 Kg4 61. Rc1 Kh3 62. Ra1 Rd2 0-1

[Event "Buskerud-ch op"]
[Site "Konnerud"]
[Date "2018.06.16"]
[Round "2"]
[White "Fredriksen, Jan Gunnar"]
[Black "Leonhardsen, Vebjorn Maanum"]
[Result "0-1"]
[WhiteElo "1870"]
[BlackElo "1700"]
[PlyCount "94"]
[EventDate "2018.06.16"]
[EventType "swiss"]
[EventRounds "5"]
[EventCountry "NOR"]
[SourceTitle "EXT 2024"]
[Source "ChessBase"]
[SourceDate "2023.10.10"]
[SourceVersion "1"]
[SourceVersionDate "2023.10.10"]
[SourceQuality "1"]

1. Nc3 d5 2. e4 dxe4 3. Nxe4 Nf6 4. Qf3 Nxe4 5. Qxe4 e6 6. Nf3 Nd7 7. Bc4 Nf6 8. Qe2 Be7 9. d4 0-0 10. 0-0 b6 11. c3 Bb7 12. Bg5 Nd5 13. Bxe7 Nxe7 14. Ne5 Ng6 15. Nxg6 hxg6 16. Qg4 Bd5 17. Bd3 Rc8 18. Rfe1 c5 19. dxc5 Rxc5 20. Qe2 Bb7 21. c4 Qh4 22. Qe3 Qg5 23. Qxg5 Rxg5 24. Bf1 Rc5 25. Rad1 Rfc8 26. Rd7 R5c7 27. Red1 Kf8 28. f3 Ke8 29. R7d4 Bc6 30. Kf2 Rd7 31. Rxd7 Bxd7 32. Ke3 Bc6 33. Be2 Ke7 34. Rd3 Rc7 35. Ra3 Kf6 36. Rc3 Bb7 37. Bd3 g5 38. g3 Ke5 39. Ra3 Ba8 40. Ra6 f5 41. f4+ gxf4+ 42. gxf4+ Kf6 43. a4 g5 44. b4 gxf4+ 45. Kxf4 e5+ 46. Ke3 f4+ 47. Ke2 Bb7 0-1

[Event "Buskerud-ch op"]
[Site "Konnerud"]
[Date "2018.06.16"]
[Round "1"]
[White "Krohg, Georg A"]
[Black "Leonhardsen, Vebjorn Maanum"]
[Result "1-0"]
[WhiteElo "1928"]
[BlackElo "1700"]
[PlyCount "65"]
[EventDate "2018.06.16"]
[EventType "swiss"]
[EventRounds "5"]
[EventCountry "NOR"]
[SourceTitle "EXT 2024"]
[Source "ChessBase"]
[SourceDate "2023.10.10"]
[SourceVersion "1"]
[SourceVersionDate "2023.10.10"]
[SourceQuality "1"]

1. e4 c6 2. d4 d5 3. exd5 cxd5 4. Bd3 Nf6 5. c3 Bg4 6. f3 Bh5 7. Ne2 e6 8. Nf4 Bg6 9. Nxg6 hxg6 10. Bf4 Bd6 11. Bxd6 Qxd6 12. g3 Nh5 13. Kf2 Nc6 14. Nd2 0-0 15. Qe2 Rfe8 16. f4 a6 17. Nf3 b5 18. a4 b4 19. Ne5 Nf6 20. h4 bxc3 21. bxc3 Rec8 22. g4 Na5 23. h5 gxh5 24. gxh5 Rxc3 25. Rag1 Ne4+ 26. Bxe4 dxe4 27. Qxe4 Rac8 28. h6 Rc2+ 29. Kg3 R8c3+ 30. Kh4 Qe7+ 31. Kh5 g5 32. Rxg5+ Kh8 33. Rg7 1-0

[Event "Stjernen NGP B"]
[Site "Oslo"]
[Date "2018.06.10"]
[Round "6"]
[White "Leonhardsen, Vebjorn Maanum"]
[Black "Unneland, Arne"]
[Result "1/2-1/2"]
[WhiteElo "1700"]
[BlackElo "1614"]
[PlyCount "36"]
[EventDate "2018.06.08"]
[EventType "swiss"]
[EventRounds "6"]
[EventCountry "NOR"]
[SourceTitle "EXT 2024"]
[Source "ChessBase"]
[SourceDate "2023.10.10"]
[SourceVersion "1"]
[SourceVersionDate "2023.10.10"]
[SourceQuality "1"]

1. d4 Nf6 2. Nf3 b6 3. Bf4 e6 4. e3 Bb7 5. Be2 Nc6 6. 0-0 Nh5 7. Bg3 Nxg3 8. hxg3 f5 9. d5 exd5 10. Qxd5 Qf6 11. c3 0-0-0 12. a4 a5 13. Na3 h5 14. Nb5 g5 15. Nbd4 g4 16. Nh4 Ne5 17. Ba6 c6 18. Bxb7+ Kxb7 1/2-1/2

[Event "Stjernen NGP B"]
[Site "Oslo"]
[Date "2018.06.09"]
[Round "4"]
[White "Leonhardsen, Vebjorn Maanum"]
[Black "Westrum, Kim Roger Hansen"]
[Result "1-0"]
[WhiteElo "1700"]
[BlackElo "1439"]
[PlyCount "83"]
[EventDate "2018.06.08"]
[EventType "swiss"]
[EventRounds "6"]
[EventCountry "NOR"]
[SourceTitle "EXT 2024"]
[Source "ChessBase"]
[SourceDate "2023.10.10"]
[SourceVersion "1"]
[SourceVersionDate "2023.10.10"]
[SourceQuality "1"]

1. d4 Nf6 2. c4 e6 3. g3 d5 4. Nf3 b6 5. Bg2 Bb7 6. cxd5 Nxd5 7. 0-0 Be7 8. Re1 0-0 9. e4 Nf6 10. Nc3 c5 11. e5 Nd5 12. Nxd5 Bxd5 13. dxc5 Bxc5 14. Qc2 h6 15. Be3 Bxe3 16. Rxe3 Nc6 17. Ra3 Rc8 18. Qd2 Bxf3 19. Qxd8 Rfxd8 20. Bxf3 Rd2 21. Rc3 Ne7 22. Rxc8+ Nxc8 23. Rc1 Ne7 24. Rc7 Nd5 25. Rxa7 Rxb2 26. Be4 g6 27. a4 Nc3 28. Bc6 Re2 29. f4 Re1+ 30. Kg2 Re2+ 31. Kh3 Ne4 32. Be8 g5 33. Bxf7+ Kf8 34. Bxe6 Nf2+ 35. Kg2 Ne4+ 36. Kf3 Nc5 37. Kxe2 Nxe6 38. fxg5 hxg5 39. Rb7 Nc5 40. Rxb6 Nxa4 41. Rb7 Nc5 42. Ra7 1-0

[Event "Konnerud GP"]
[Site "Konnerud"]
[Date "2017.11.19"]
[Round "4"]
[White "Leonhardsen, Vebjorn Maanum"]
[Black "Helgoy, Hakon"]
[Result "1-0"]
[WhiteElo "1483"]
[BlackElo "1546"]
[PlyCount "135"]
[EventDate "2017.11.18"]
[EventType "swiss"]
[EventRounds "5"]
[EventCountry "NOR"]
[SourceTitle "EXT 2024"]
[Source "ChessBase"]
[SourceDate "2023.10.10"]
[SourceVersion "1"]
[SourceVersionDate "2023.10.10"]
[SourceQuality "1"]

1. d4 Nf6 2. c4 e6 3. Nf3 Bb4+ 4. Bd2 Bxd2+ 5. Nbxd2 c5 6. g3 Nc6 7. dxc5 Qa5 8. Bg2 Ne4 9. a3 Nxd2 10. Nxd2 Qxc5 11. b4 Qe7 12. Ne4 0-0 13. Nd6 Rb8 14. Nxc8 Rfxc8 15. c5 b6 16. cxb6 Rxb6 17. 0-0 d5 18. Qd2 Ne5 19. e4 Nc4 20. Qe2 dxe4 21. Bxe4 Rd6 22. Rac1 Nb6 23. Rxc8+ Nxc8 24. Bxh7+ Kxh7 25. Qc2+ g6 26. Qxc8 Qf6 27. Re1 Qf3 28. Qc7 Ra6 29. Ra1 Qf6 30. Qc1 Qf3 31. b5 Ra5 32. a4 Qb7 33. Qc4 a6 34. Rb1 axb5 35. axb5 Ra8 36. Qc6 Rb8 37. Qxb7 Rxb7 38. Kg2 Kg7 39. Kf3 f5 40. Ke3 Kf7 41. Kd4 Ke7 42. Ke5 g5 43. f4 g4 44. b6 Kf7 45. Kd6 Rb8 46. b7 Rd8+ 47. Kc7 Ke7 48. b8Q Rxb8 49. Rxb8 Kf6 50. Kd6 e5 51. Rf8+ Kg7 52. Rxf5 e4 53. Re5 Kg6 54. Rxe4 Kh5 55. Re5+ Kg6 56. Kd5 Kh6 57. Ke4 Kg6 58. Ra5 Kf6 59. Ra6+ Kg7 60. Kf5 Kh7 61. Kg5 Kg8 62. Ra7 Kf8 63. Kf6 Ke8 64. Rh7 Kd8 65. Ke6 Kc8 66. Kd6 Kb8 67. Kc6 Ka8 68. Kb6 1-0

[Event "Konnerud GP"]
[Site "Konnerud"]
[Date "2017.11.19"]
[Round "5"]
[White "Yousef, Rabie"]
[Black "Leonhardsen, Vebjorn Maanum"]
[Result "1/2-1/2"]
[WhiteElo "1625"]
[BlackElo "1483"]
[PlyCount "76"]
[EventDate "2017.11.18"]
[EventType "swiss"]
[EventRounds "5"]
[EventCountry "NOR"]
[SourceTitle "EXT 2024"]
[Source "ChessBase"]
[SourceDate "2023.10.10"]
[SourceVersion "1"]
[SourceVersionDate "2023.10.10"]
[SourceQuality "1"]

1. e4 c6 2. c4 d5 3. exd5 cxd5 4. cxd5 Nf6 5. Nc3 Nxd5 6. Nf3 Nxc3 7. bxc3 e6 8. d4 Be7 9. Bd3 Nd7 10. 0-0 0-0 11. Re1 Nf6 12. Bg5 b6 13. Ne5 Bb7 14. Bxf6 Bxf6 15. Re3 Bxe5 16. dxe5 g6 17. Qg4 Qc7 18. Be4 Bxe4 19. Qxe4 Rad8 20. h4 Rd5 21. h5 Rfd8 22. h6 Qe7 23. Rae1 Qg5 24. Rh3 Rd1 25. Rxd1 Rxd1+ 26. Kh2 Rd5 27. c4 Qxe5+ 28. Qxe5 Rxe5 29. Rd3 Rh5+ 30. Kg3 Rxh6 31. Ra3 Rh5 32. Rxa7 Rc5 33. Ra6 Rxc4 34. Rxb6 Ra4 35. Rb2 Kf8 36. f4 Ke7 37. Kf3 Kf6 38. g4 Ra3+ 1/2-1/2

[Event "Oslo op"]
[Site "Fornebu"]
[Date "2017.09.30"]
[Round "2"]
[White "Kvendseth, Thyra"]
[Black "Leonhardsen, Vebjorn Maanum"]
[Result "1-0"]
[WhiteElo "1810"]
[BlackElo "1483"]
[PlyCount "93"]
[EventDate "2017.09.29"]
[EventType "swiss"]
[EventRounds "10"]
[EventCountry "NOR"]
[SourceTitle "CBM 181 Extra"]
[Source "ChessBase"]
[SourceDate "2017.12.12"]
[SourceVersion "1"]
[SourceVersionDate "2017.12.12"]
[SourceQuality "1"]

1. d4 d5 2. c4 c6 3. e3 Nf6 4. Nf3 Bf5 5. Nc3 e6 6. cxd5 exd5 7. Be2 Bd6 8. h3 h6 9. a3 0-0 10. b4 a6 11. 0-0 Ne4 12. Bb2 Nd7 13. Na4 Nef6 14. Nc5 Rb8 15. Rc1 Re8 16. a4 Qe7 17. Qb3 Qd8 18. Bc3 Ne4 19. Be1 Nef6 20. b5 axb5 21. Nxd7 Bxd7 22. axb5 cxb5 23. Bxb5 Bxb5 24. Qxb5 Qd7 25. Qb6 Rec8 26. Ba5 Rc6 27. Qb3 Ra6 28. Bb6 Ra3 29. Qc2 Ra6 30. Bc5 Bxc5 31. Qxc5 Qd8 32. Ne5 Qd6 33. Qc7 Qf8 34. Rb1 b6 35. Nc6 Rba8 36. Rxb6 Rxb6 37. Qxb6 Kh8 38. Ne5 Qe7 39. Rc1 Ra7 40. Rc8+ Kh7 41. Qb8 Ra1+ 42. Kh2 Ng4+ 43. Nxg4 h5 44. Ne5 g6 45. Rc7 Qh4 46. Rxf7+ Kh6 47. Qh8+ 1-0